Pracovní poměr na dobu určitou

Novela zákonníka práce umožňuje uzatváranie pracovných pomerov na dobu určitú. Jej uplatňovanie nezhorší postavenie zamestnancov, ale uvolní pohyb pracovných síl, najmä pri nástupe do zamestnania k súkromným podnikateľom.

Gespeichert in:
Bibliographische Detailangaben
Format: Buchkapitel
Sprache:Tschechisch
Schlagworte:
Tags: Tag hinzufügen
Keine Tags, Fügen Sie das erste Tag hinzu!

MARC

LEADER 00000naa a2200000 4500
001 r015467
005 20221213082519.2
041 0 |a cze 
044 |a CZ 
245 1 0 |a Pracovní poměr na dobu určitou 
520 |a Novela zákonníka práce umožňuje uzatváranie pracovných pomerov na dobu určitú. Jej uplatňovanie nezhorší postavenie zamestnancov, ale uvolní pohyb pracovných síl, najmä pri nástupe do zamestnania k súkromným podnikateľom. 
610 2 0 |a zákonník práce 
610 2 0 |a Česko 
610 2 0 |a 1994 
610 2 0 |a pomer pracovný